[Event "Stare Mesto op"]
[Site "Stare Mesto"]
[Date "2010.08.13"]
[Round "1"]
[White "Roubalik, Jakub"]
[Black "Chury, Petr"]
[Result "1-0"]
[WhiteElo "2262"]
[BlackElo "1782"]
[PlyCount "81"]
[EventDate "2010.08.13"]
[EventType "swiss"]
[EventRounds "10"]
[EventCountry "CZE"]
[SourceTitle "CBM 138 Extra"]
[Source "ChessBase"]
[SourceDate "2010.10.29"]
[SourceVersion "1"]
[SourceVersionDate "2010.10.29"]
[SourceQuality "1"]

1. d4 d5 2. c4 e5 3. e3 exd4 4. exd4 Nf6 5. Nf3 Be7 6. Nc3 0-0 7. cxd5 Nxd5 8. Bc4 Nb6 9. Be2 Nc6 10. Be3 Bf5 11. a3 Bf6 12. 0-0 Ne7 13. Rc1 c6 14. Na4 Ned5 15. Re1 Re8 16. Bf1 Qc7 17. Nc5 Rad8 18. b4 a6 19. Qb3 Nd7 20. Nxa6 Qd6 21. Nc5 Nxc5 22. dxc5 Qc7 23. Bc4 Nxe3 24. Rxe3 Rxe3 25. Qxe3 h6 26. h3 Kh7 27. Re1 Rd7 28. Qb3 Bg6 29. a4 Qf4 30. a5 h5 31. b5 cxb5 32. Qxb5 Bf5 33. Qb3 Kg6 34. Bd5 Qc7 35. Rc1 Qxa5 36. Bxb7 Qc7 37. Bd5 Re7 38. Qb6 Qf4 39. Rc4 Be4 40. Bxe4+ Rxe4 41. Qb1 1-0